| 000 | 01797cam a2200529 a 4500 | ||
|---|---|---|---|
| 001 | 22195 | ||
| 003 | VRT | ||
| 005 | 20260321130850.0 | ||
| 008 | 240318s2017 xo g 000 f slo | ||
| 015 | _aSNBA2018/01 | ||
| 020 |
_a9788055155258 _q(viaz.) |
||
| 035 | _aurn:nbn:sk:snk-am00djxv | ||
| 035 | _aurn:nbn:sk:snk-am3i4nn | ||
| 035 | _aC3414ECA-C652-4910-BBDD-9E6614E7A8FB | ||
| 039 | 9 |
_a202403182109 _bVLOAD _c202208151216 _dAUTHORITY _c202208151200 _dAUTHORITY _c202006120934 _dVLOAD |
|
| 040 |
_aPOKPOH _bslo _cPOKPOH _dSNK _eAACR2 |
||
| 041 | 1 |
_aslo _heng |
|
| 044 |
_axo _cSK |
||
| 072 | 7 |
_a821.111(73)-3 _xAmerická próza _2konspekt |
|
| 080 |
_a821.111(73)-31 _22011 |
||
| 080 |
_a(0:82-312.5) _22011 |
||
| 100 | 1 |
_aSteel, Danielle, _d1947- _4aut |
|
| 240 | 1 | 4 |
_aThe Apartment _lSlovensky |
| 245 | 1 | 0 |
_aApartmán _cDanielle Steel ; preložila Zuzana Gašparovičová |
| 260 |
_aBratislava _bIkar _c2017 |
||
| 300 |
_a303 s. _c21 cm |
||
| 500 | _aPreložené z anglického originálu | ||
| 655 | 7 |
_aamerické romány _2SNKPH |
|
| 655 | 7 |
_aľúbostné romány _2SNKPH |
|
| 655 | 7 |
_aAmerican fiction _2SNKPHeng |
|
| 655 | 7 |
_aLove novels _2SNKPHeng |
|
| 700 | 1 |
_aGašparovičová, Zuzana _4trl |
|
| 910 | _apokpoh | ||
| 910 | _asllk | ||
| 910 | _ahevk | ||
| 910 | _asnk | ||
| 910 | _abjkdg | ||
| 910 | _avthk | ||
| 942 |
_2ddc _cKLDO _n0 |
||
| 949 |
_6270001000564004 _asvkbbA 151808 _bsvkbbm 771056 |
||
| 949 |
_617A1272669 _asnkSC 176341 _bsnk2017/21370 _o2050/17 _s6100:20180123 |
||
| 949 |
_6273K0621850 _asvkpoA 236059 _bsvkpo618324 |
||
| 949 |
_62889332009 _asavukPV 24929 _bsavuk2017/4061 |
||
| 949 |
_617A1274651 _asnkSC 176341 D1 _bsnk2017/25558 _o2050/17 |
||
| 949 |
_64710710395 _astrmkB _bstrmk2017/10395 |
||
| 999 |
_c22195 _d22195 |
||